000 nam a22 7a 4500
999 _c126184
_d126184
008 170222b xxu||||| |||| 00| 0 eng d
050 _aBX3747.E3 G615
100 _aJesuits of Eastern Africa Province
_929238
245 _aGoing further still
_bJesuit jubilee reflection
_cJesuits and Amani, Leo et al...
260 _aNairobi
_bJesuits of Eastern Africa Province
_c2011
300 _a54p. ;
_c22cm.
650 _aJesuits in Eastern Africa
_928961
700 _aAmani, Leo [et al]
_929239
942 _2lcc
_cMONOGRAPH